Mobilná marketingová komunikácia - SMS marketing bakalárska práca

Salvato in:
Dettagli Bibliografici
Autore principale: Fedáková, Monika
Ente Autore: Ekonomická univerzita v Bratislave. Podnikovohospodárska fakulta so sídlom v Košiciach
Altri autori: Naščáková, Jana
Natura: Libro
Lingua:slovacco
Pubblicazione: Košice 2009
Tags: Aggiungi Tag
Nessun Tag, puoi essere il primo ad aggiungerne!!

MARC

LEADER 00000nam$a2200000$$$4500
001 0111374
005 20160627115918.8
041 0 |a slo 
044 |a SK 
245 1 0 |a Mobilná marketingová komunikácia - SMS marketing  |b bakalárska práca  |c Monika Fedáková ; škol. Jana Naščáková 
264 1 |a Košice  |c 2009 
300 |a 66 s. 
100 1 |a Fedáková, Monika 
700 1 |a Naščáková, Jana 
710 2 |a Ekonomická univerzita v Bratislave. Podnikovohospodárska fakulta so sídlom v Košiciach